Pakistan Air Force: (Record no. 593155)
[ view plain ]
| 000 -LEADER | |
|---|---|
| fixed length control field | 00299nam a22001097a 4500 |
| 100 ## - MAIN ENTRY--PERSONAL NAME | |
| Personal name | Warnes, Alan |
| 245 ## - TITLE STATEMENT | |
| Title | Pakistan Air Force: |
| Remainder of title | Attaining New Heights / |
| Statement of responsibility, etc. | Alan Warnes |
| 260 ## - PUBLICATION, DISTRIBUTION, ETC. | |
| Place of publication, distribution, etc. | Islamabad : |
| Name of publisher, distributor, etc. | The Army Press, |
| Date of publication, distribution, etc. | 2016. |
| 300 ## - PHYSICAL DESCRIPTION | |
| Extent | 238 p. ; |
| Dimensions | 25 cm. |
| 563 ## - BINDING INFORMATION | |
| Binding note | H.B. |
| 942 ## - ADDED ENTRY ELEMENTS (KOHA) | |
| Source of classification or shelving scheme | |
| Koha item type | Book |
| Withdrawn status | Lost status | Source of classification or shelving scheme | Damaged status | Not for loan | Permanent Location | Current Location | Date acquired | Source of acquisition | Total Checkouts | Full call number | Barcode | Date last seen | Price effective from | Koha item type |
|---|---|---|---|---|---|---|---|---|---|---|---|---|---|---|
| Central Library (CL) | Central Library (CL) | 02/08/2023 | Donated by Rector Secretariat | 358.4 WAR | CL-D-2239 | 02/08/2023 | 02/08/2023 | Book |
